ბათუმის შოთა რუსთაველის სახელმწიფო უნივერსიტეტის ბიბლიოთეკა

მინდვრის ყვავილი (ბიბ.ჩანაწერი № 50967)

000 -LEADER
fixed length control field 00774nam a2200229Ia 4500
001 - CONTROL NUMBER
control field 17924
003 - CONTROL NUMBER IDENTIFIER
control field GE_BSU
008 - FIXED-LENGTH DATA ELEMENTS--GENERAL INFORMATION
fixed length control field 181216s||||||||xx |||||||||||||| ||und||
040 ## - CATALOGING SOURCE
Transcribing agency GE_BSU
080 ## - UNIVERSAL DECIMAL CLASSIFICATION NUMBER
Universal Decimal Classification number 821.353.1-32
100 ## - MAIN ENTRY--PERSONAL NAME
Personal name კლდიაშვილი, სერგო
245 ## - TITLE STATEMENT
Title მინდვრის ყვავილი
245 ## - TITLE STATEMENT
Remainder of title რჩეული მოთხრობები
245 ## - TITLE STATEMENT
Statement of responsibility, etc. რედ. ც.ქაროსანიძე. მხატვ. გ.ღლონტი
260 ## - PUBLICATION, DISTRIBUTION, ETC.
Place of publication, distribution, etc. თბილისი
260 ## - PUBLICATION, DISTRIBUTION, ETC.
Name of publisher, distributor, etc. მერანი
260 ## - PUBLICATION, DISTRIBUTION, ETC.
Date of publication, distribution, etc. 1977
300 ## - PHYSICAL DESCRIPTION
Extent 498გვ. ; 22სმ.
653 ## - INDEX TERM--UNCONTROLLED
Uncontrolled term მინდვრის ყვავილი
653 ## - INDEX TERM--UNCONTROLLED
Uncontrolled term რჩეული მოთხრობები
942 ## - ADDED ENTRY ELEMENTS (KOHA)
Koha item type წიგნი
ეგზემპლარები
Withdrawn status Lost status Damaged status Not for loan Date acquired Barcode Date last seen Price effective from Koha item type
        2018-12-17 22387 2018-12-17 2018-12-17 წიგნი